| 000 | 00947nam a2200193Ia 4500 | ||
|---|---|---|---|
| 003 | Ost | ||
| 005 | 20260507075655.0 | ||
| 008 | 260507s9999||||xx |||||||||||||| ||und|| | ||
| 040 | _cfsecg | ||
| 041 | _aara | ||
| 082 | _a346.0436 | ||
| 100 |
_aزهران، همام محمد محمود _eمؤلف |
||
| 245 | 0 |
_aالتأمينات العينية والشخصية / _c همام محمد محمود زهران |
|
| 260 |
_aالاسكندرية: _bدار الجامعة الجديدة, _c2004 |
||
| 300 |
_a582 صفحة؛ _bإيضاحات ؛ _c24 سم |
||
| 520 | _aالتأمينات الشخصية، انعقاد الكفالة، اثبات الكفالة، آثار الكفالة، انقضاء الكفالة، التأمينات العينية، الرهن الرسمي، حق الاختصاص، الرهن الحيازي، حقوق الامتياز. | ||
| 653 | _aالتأمين- قوانين وتشريعات- مصر | ||
| 942 | _cكتاب | ||
| 999 |
_c45680 _d45680 |
||